Heat and mass transfer: in SI units (Record no. 76151)

MARC details
000 -LEADER
fixed length control field 00800nam a2200181 a 4500
008 - FIXED-LENGTH DATA ELEMENTS--GENERAL INFORMATION
fixed length control field 120924s1999 ||||||||||||||||| || u
020 ## - INTERNATIONAL STANDARD BOOK NUMBER
International Standard Book Number 81-219-2617-3
050 ## - LIBRARY OF CONGRESS CALL NUMBER
Classification number TL 507 Raj
100 ## - MAIN ENTRY--PERSONAL NAME
Personal name Rajput, R. K
245 10 - TITLE STATEMENT
Title Heat and mass transfer: in SI units
Statement of responsibility, etc. by R. K. Rajput
260 ## - PUBLICATION, DISTRIBUTION, ETC.
Place of publication, distribution, etc. New Delhi:
Name of publisher, distributor, etc. S. Chand and Company Ltd
Date of publication, distribution, etc. 1999
300 ## - PHYSICAL DESCRIPTION
Extent xvi, 864 pages : illustrations
500 ## - GENERAL NOTE
General note Donated by Counsellor Kang'ombe
650 ## - SUBJECT ADDED ENTRY--TOPICAL TERM
Topical term or geographic name entry element HEAT--TRANSMISSION
650 ## - SUBJECT ADDED ENTRY--TOPICAL TERM
Topical term or geographic name entry element MASS TRANSFER
995 ## -
-- MAIN LIBRARY OPEN ACCESS
-- 743315
-- CBU-MAIN LIBRARY (Kitwe)
-- TL 507 Raj
-- 1
-- AVAILABLE
-- Oct 1, 2012
-- 743315
-- Main Library Open Access Collection
995 ## -
-- MAIN LIBRARY OPEN ACCESS
-- 743316
-- CBU-MAIN LIBRARY (Kitwe)
-- TL 507 Raj
-- 2
-- AVAILABLE
-- Oct 1, 2012
-- 743316
-- Main Library Open Access Collection
999 ## -
-- 76151
-- 76151
Holdings
Withdrawn status Lost status Source of classification or shelving scheme Damaged status Not for loan Permanent Location Current Location Shelving location Date acquired Total Checkouts Full call number Barcode Date last seen Copy number Price effective from Koha item type
          CBU-MAIN LIBRARY, KITWE. CBU-MAIN LIBRARY, KITWE.   04/25/2023   TL 507 Raj 743315 04/25/2023 1 04/25/2023 MONOGRAPH
          CBU-MAIN LIBRARY, KITWE. CBU-MAIN LIBRARY, KITWE.   04/25/2023   TL 507 Raj 743316 04/25/2023 2 04/25/2023 MONOGRAPH